Music Quiz

Random Music or Bands Quiz

Metallica Band Members Quiz Stats

 Plays Quiz Updated Aug 6, 2019

Score 0/8 Timer 04:00
11 Plays Today
Instrument Member % Correct
DrumsLars Ulrich
96.3%
VocalsJames Hetfield
93.8%
Lead GuitaristKirk Hammett
83.4%
Ex-BassistCliff Burton
74.4%
Ex-GuitaristDave Mustaine
73.7%
Ex-BassistJason Newsted
67.9%
BassistRobert Trujillo
62.7%
Ex-BassistRon McGovney
31.2%

You're not logged in!

Compare scores with friends on all Sporcle quizzes.
OR
Log In

Sporcle TV

Today on Sporcle TV


Watch our educational content, quiz creation guides, and fun videos on Sporcle TV.

Show Comments

Extras

Top Quizzes Today


Score Distribution

Your Account Isn't Verified!

In order to create a playlist on Sporcle, you need to verify the email address you used during registration. Go to your Sporcle Settings to finish the process.

Report this User

Report this user for behavior that violates our Community Guidelines.

Details: